| 000 | 00990nam a2200253 4500 | ||
|---|---|---|---|
| 001 | 1231228 | ||
| 005 | 19681225000000.0 | ||
| 008 | 691010r19681958nyua b 001 0 eng | ||
| 010 | _a 68017404 | ||
| 040 |
_aDLC _cDLC _dDLC |
||
| 050 | 0 | 0 |
_aTA355 _b.B8 1968 |
| 082 | 0 | 0 |
_a620.3 _222 _bBUR |
| 100 | 1 |
_aBurton, Ralph A. _96418 |
|
| 245 | 1 | 0 |
_aVibration and Impact/ _cby Ralph Burton. |
| 260 |
_aNew York, _bDover Publications, _c1968 |
||
| 300 |
_ax, 310 p.: _bill. ; _c22 cm. |
||
| 350 | _a$2.75 | ||
| 500 | _a"An unabridged and corrected republication of the work originally published ... in 1958, to which has been added a new preface by the author." | ||
| 504 | _aIncludes bibliographies. | ||
| 650 | 0 |
_aVibration. _96419 |
|
| 650 | 0 |
_aImpact. _96420 |
|
| 942 |
_2ddc _cBB |
||
| 999 |
_c11885 _d11885 |
||